| 000 | 00719nam a22001817a 4500 | ||
|---|---|---|---|
| 003 | UA-OsUOA | ||
| 001 | 15152 | ||
| 007 | ta | ||
| 008 | 20031102b un ||||| |||| 00| 0 ukr d | ||
| 100 | _aЧайка В. | ||
| 942 | _cSA | ||
| 040 |
_aUA-OsUOA _cUA-OsUOA _dUA-OsUOA |
||
| 245 |
_aСюрприз до свята _b[Інтерв'ю міськ. голови Рівного В.Чайки про облаштування міста до 720-річчя з дня заснування]/Інтерв'ю взяли Герус В.. В.Комаровський |
||
| 300 | _aС.1,3 | ||
| 955 | _a0 | ||
| 773 | 0 |
_w0 _tСім днів _dРівне _d2003 _g№34/22 серп./ |
|
| 650 | 7 |
_aКраєзнавча робота _2UDC |
|
| 999 |
_c301317 _d301317 |
||